Quản lý dự án đầu tư xây dựng công trình

Cuốn sách trình bày nội dung công tác quản lý của các thành viên liên quan đến dự án: Người quyết định đầu tư; Chủ đầu tư; Các bên tham gia đấu thầu;...Nội dung gồm 2 phần: Phần I trình bàydự án đầu tư và nội dung kinh tế của quản lý du...

Cijeli opis

Spremljeno u:
Bibliografski detalji
Glavni autor: Đỗ, Đình Đức
Format: Knjiga
Jezik:Undetermined
Izdano: Hà Nội Khoa học Kỹ thuật 2012
Teme:
Oznake: Dodaj oznaku
Bez oznaka, Budi prvi tko označuje ovaj zapis!
Thư viện lưu trữ: Trung tâm Học liệu Trường Đại học Cần Thơ
LEADER 01253nam a2200217Ia 4500
001 CTU_177365
008 210402s9999 xx 000 0 und d
020 |c 100000 
082 |a 658.404 
082 |b Đ552 
100 |a Đỗ, Đình Đức 
245 0 |a Quản lý dự án đầu tư xây dựng công trình 
245 0 |c Đỗ Đình Đức, Bùi Mạnh Hùng 
260 |a Hà Nội 
260 |b Khoa học Kỹ thuật 
260 |c 2012 
520 |a Cuốn sách trình bày nội dung công tác quản lý của các thành viên liên quan đến dự án: Người quyết định đầu tư; Chủ đầu tư; Các bên tham gia đấu thầu;...Nội dung gồm 2 phần: Phần I trình bàydự án đầu tư và nội dung kinh tế của quản lý dự án đầu tư xây dựng công trình. Phần II trình bày việc quản lý dự án đầu tư xây dựng công trình. 
650 |a Công trình xây dựng,Project management,Construction,Quản lý dự án 
650 |x Quản lý,Management 
904 |i Trọng Hiếu 
980 |a Trung tâm Học liệu Trường Đại học Cần Thơ